000
00294nam a22001337a 4500
008
180127b xxu||||| |||| 00| 0 eng d
020
_a
9781591951292
041
_a
eng
080
_a
615
100
_a
5
101
_a
SHF
245
_a
Drug Information Handbook
_c
Lacy, CH.F
942
_2
udc
_c
BK
999
_c
41071
_d
41071